00915 2200313 4500001002100000005001500021035002000036007000300056008004100059020002200100082001500122084001700137100004100154245006000195250003100255300003900286650002400325504002500349264003200374336002100406337003000427338002300457040002200480090002100502090002200523850001200545999002200557990002200579INLIS00000000085892120210420101329 a0010-0421000826ta210420s2020 yoia g | ind d a978-623-02-1354-004223a658.87 a658.87 ASE m0 aAselina Endang TrihastutiePengarang10aManajemen pemasaran puls++ /cAselina Endang Trihastuti aCetakan pertama: Juli 2020 axii, 133 halaman :btabel ;c23 cm 4aManajemen pemasaran aTermasuk bibliografi31aSleman :bDeepublish,c2020 2rdacontentateks 2rdamediaatanpa perantara 2rdacarrieravolume aYOPDYOGbinderda aDEP 658.87 ASE m aCB-D.11 2020-2380 aYOPDYOG aCB-D.11/2020-2380 aCB-D.11/2020-2380